Skoki Narciarskie- Mistrzowie Świata w Lotach - Statystyki

Ogólne statystyki
  • Ten quiz został rozwiązany 334 razy
  • Średni wynik to 11 z 27
Statystyki odpowiedzi
Hint Odpowiedź % Poprawnych
2016 Peter Prevc
90%
2020 Karl Geiger
84%
2018 Daniel Andre Tande
83%
2010 Simon Ammann
80%
2022 Marius Lindvik
79%
2008 Gregor Schlierenzauer
75%
2014 Severin Freund
73%
2012 Robert Kranjec
70%
2000 Sven Hannawald
58%
2002 Sven Hannawald
58%
1992 Noriaki Kasai
57%
1996 Andreas Goldberger
49%
1998 Kazuyoshi Funaki
48%
1986 Andreas Felder
28%
1994 Jaroslav Sakala
26%
1990 Dieter Thoma
25%
1985 Matti Nykaenen
22%
2004 Roar Ljoekelsoey
22%
2006 Roar Ljoekelsoey
22%
1979 Armin Kogler
21%
1972 Walter Steiner
15%
1977 Walter Steiner
15%
1973 Hans-Georg Aschenbach
10%
1981 Jari Puikkonen
8%
1983 Klaus Ostwald
8%
1988 Ole Gunnar Fidjestoel
7%
1975 Karel Kodejska
6%
Nie znaleziono quizów pasujących do podanych kryteriów
Rozkład punktacji
Procent ludzi z każdym wynikiem
Percentyl według liczby udzielonych odpowiedzi
Twoja historia wyników
Nie rozwiązałeś tego quizu